| 000 | 00435cam a2200181ua 4500 | ||
|---|---|---|---|
| 001 | 3313 | ||
| 008 | 111017n ii |||gr||||Z||||||asm | ||
| 040 | _cMAIN | ||
| 082 | _a891.4513 | ||
| 100 | 1 | _aRama, Dvija, | |
| 245 | 1 | 1 |
_aChahapari upakhyana _cby Dvija Rama |
| 250 | _a1st. | ||
| 260 |
_aGuahati: _bSarada prakashan, _c2008. |
||
| 300 |
_a158p: _c23cm. |
||
| 653 | _aAssamese novel | ||
| 653 | _aChahapari upakhyana | ||
| 942 | _cBK | ||
| 999 |
_c3158 _d3158 |
||